00929cam a22003137i 450000100090000000300040000900500170001300800410003001000170007102000180008802000150010604000280012105000240014908200170017310000380019024500470022825000160027526400580029130000250034933600260037433700280040033800270042850000200045550000400047561000330051561000470054865000110059570000090060617586059OSt20230602121341.0130110s2009 ke 001 0 eng  a 2012460082 a9789966751010 a9966751017 aDLCbengerdacDLCdDLC00aMLCS 2018/42112 (B) a231.042bBAB1 aBabendreier, Joe.,eauthor.d200914aThe Faith Explained TodaycJoe Babendreier aPopular ed. 1aNairobi, Kenya :bScepter Publisher Kenya Ltd,c2009. a928 pages ;c19 cm. atextbtxt2rdacontent aunmediatedbn2rdamedia avolumebnc2rdacarrier aIncludes index. aMinimal Level Cataloging Plus.5DLC20aCatholic ChurchvCatechisms.20aCatholic ChurchxDoctrinesvPopular works. 0aFaith. d2006